| 000 | 00512nam a2200169 i 4500 | ||
|---|---|---|---|
| 001 | 39993 | ||
| 003 | ES-MaACL | ||
| 005 | 20250730063058.0 | ||
| 007 | t| | ||
| 008 | 030304s1900 fr ||||1| fre d | ||
| 100 | 0 |
_aCarra de Vaux, Bernard, _cBaron _935478 |
|
| 245 | 1 | 4 |
_aLes grands philosophes / _cavicenne par le Baron Carra de Vaux. |
| 260 |
_aParis : _bFélix Alcan, _c1900 ( _eMesnil : _fFirmin Didot) |
||
| 300 |
_aVII, 302 p. ; _c22 cm. |
||
| 852 |
_aES-MaACL _jD-1644 |
||
| 999 |
_c39993 _d39993 |
||